000 00339pam a2200157a 44500
008 230515b1900 xxu||||| |||| 00| 0 eng d
020 _aNULL
041 _aMARATHI
082 _a1
100 _aMEDICA
245 _aMANUAL OF MIDVAEFARI
250 _a1
260 _aNA
_bN.D.
_c1900
300 _a100
650 _aMANUAL OF MIDVAEFARI
999 _c496964
_d496964